Państwa wg wskaźnika edukacji - Statystyki

Ogólne statystyki
  • Ten quiz został rozwiązany 315 razy
  • Średni wynik to 7 z 10
Statystyki odpowiedzi
Wskaźnik Odpowiedź % Poprawnych
0.943 Niemcy
90%
0.927 Finlandia
84%
0.93 Norwegia
81%
0.948 Wielka Brytania
76%
0.92 Dania
70%
0.926 Islandia
61%
0.924 Australia
59%
0.922 Irlandia
57%
0.926 Nowa Zelandia
52%
0.924 Singapur
41%
Nie znaleziono quizów pasujących do podanych kryteriów
Rozkład punktacji
Procent ludzi z każdym wynikiem
Percentyl według liczby udzielonych odpowiedzi
Twoja historia wyników
Nie rozwiązałeś tego quizu